Naruto Characters Quiz (Alot) - Statistics

General Stats
  • This quiz has been taken 254 times
  • The average score is 90 of 135
Answer Stats
Affiliation Name % Correct
Raikage A
96%
Hokage Hashirama
93%
Leaf Naruto
93%
Sannin Jiraiya
90%
Hokage Tobirama
90%
Otsutsuki Kaguya
89%
Hokage Minato
89%
Sannin Orochimaru
89%
Leaf Sasuke
89%
Hokage Hiruzen
88%
Leaf Itachi
88%
Sannin/ Hokage Tsunade
88%
Sand Gaara
87%
Leaf Ino
87%
Leaf Kakashi
87%
Leaf Hinata
86%
Leaf Madara
86%
Akatsuki Pain/ Nagato
86%
Sand Temari
86%
Leaf Asuma
85%
Akatsuki Deidara
84%
Sand Kankuro
84%
Akatsuki Kisame
84%
Akatsuki Konan
84%
Akatsuki Sasori
84%
Leaf Shikamaru
84%
Leaf Guy
83%
Akatsuki Hidan
83%
Taka Karin
83%
Leaf Kurenai
83%
Leaf Obito
83%
Leaf Rock Lee
83%
Leaf Sakura
83%
Leaf Neji
82%
Leaf Choji
81%
Akatsuki Kakuzu
81%
Leaf Kiba
81%
Leaf Shino
81%
Leaf Tenten
81%
Taka Jugo
80%
Sound Kabuto
80%
Akatsuki Yahiko
80%
Akatsuki Zetsu
80%
Taka Suigetsu
79%
Mist Zabuza
79%
Otsutsuki Hagoromo
78%
Mist Haku
78%
Otsutsuki Indra
78%
Cloud Killer Bee
78%
Leaf Sai
78%
Waterfall Fu
77%
Kyuubi Kurama
77%
Mizukage Mei
77%
Team Gaara Baki
75%
Leaf Danzo
75%
Leaf Kushina
75%
Leaf Akamaru
73%
Stone Han
73%
Leaf Shikaku
73%
Leaf Yamato
73%
Otsutsuki Ashura
72%
White Fang Sakumo
72%
Toad Gamabunta
71%
Leaf Inoichi
70%
Toad Gamakichi
69%
Leaf Choza
68%
Tsuchikage Onoki
68%
Ichibi Shukaku
68%
Mist Ao
67%
Sand Chiyo
67%
Otsutsuki Hamura
67%
Pig Tonton
67%
Leaf Iruka
66%
Leaf Konohamaru
66%
Leaf Rin
66%
Snake Manda
64%
Yonbi Son Goku
64%
Sound Tayuya
64%
Mist Kimimaro
63%
Leaf Shisui
63%
Leaf Shizune
63%
Leaf Anko
61%
Cloud Darui
61%
Nibi Matatabi
61%
Sound Sakon
61%
Sound Ukon
61%
Kazekage Rasa
60%
Leaf Fugaku
58%
Leaf Ibiki
58%
Sound Jirobo
58%
Sound Kidomaru
58%
Kinkaku Force Ginkaku
57%
Hachibi Gyuki
57%
Leaf Hayate
57%
Kinkaku Force Kinkaku
57%
Leaf Udon
57%
Monkey King Enma
55%
Mizukage Yagura
55%
Leaf Genma
54%
Sanbi Isobu
54%
Leaf Mito
54%
Steam Utakata
54%
Nanabi Chomei
53%
Leaf Moegi
53%
Rokubi Saiken
53%
Leaf Ebisu
52%
Cloud Karui
52%
Cloud Yugito
52%
Snake Aoda
51%
Guy's dad Dai
51%
Cloud Omoi
51%
Gobi Kokuo
50%
Tsuchikage Mu
50%
Slug Katsuyu
49%
Leaf Izuna
48%
Leaf(Former) Mizuki
48%
Stone Roshi
48%
Mist Chojuro
47%
Leaf Hiashi
47%
Leaf Hizashi
46%
Leaf Mikoto
46%
Leaf Hanabi
45%
Cloud Samui
44%
Stone Kurotsuchi
42%
Stone Akatsuchi
41%
Ichiraku Teuchi
39%
Toad Fukasaku
32%
Mizukage Gengetsu
32%
Toad Gamamaru
27%
Akatsuki Juzo
25%
Leaf Raido
22%
Leaf Izumi
20%
Toad Shima
20%
Cloud Mabui
19%
No matching quizzes found
Score Distribution
Percent of People with Each Score
Percentile by Number Answered
Your Score History
You have not taken this quiz